00387 2200157 4500245004700000020002200047250001100069100001900080650001100099005001900110260004100129041001400170084001000184300002600194336000900220 aCantik itu SederhanacNinik HandrinihText a978-602-02-7719-6 aCet. 2 aNinik Handrini aAkhlak a20230221080914 aJakartabElex Media Komputindoc2016 aIndonesia a297.5 ax, 172 hlm. :c21 cm. atext